Arquitectura forense : (Registro nro. 63165)

Detalles MARC
000 -LEADER
campo de control de longitud fija 0218222 4a22003854504500
003 - IDENTIFICADOR DE NÚMERO DE CONTROL
campo de control PE-LiUPU
005 - FECHA Y HORA DE LA ÚLTIMA TRANSACCIÓN
campo de control 20251125150715.0
008 - DATOS DE LONGITUD FIJA--INFORMACIÓN GENERAL
campo de control de longitud fija 250226s2020 sp a o 000 0 spa d
020 ## - NÚMERO INTERNACIONAL ESTÁNDAR DEL LIBRO
Número Internacional Estándar del Libro 9788412030259
035 ## - NÚMERO DE CONTROL DEL SISTEMA
Número de control de sistema PE-LiUPU000009
040 ## - FUENTE DE CATALOGACIÓN
Centro catalogador/agencia de origen PE-LiUPU
Lengua de catalogación spa
Centro/agencia transcriptor PE-LiUPU
Normas de descripción rda
041 1# - CÓDIGO DE IDIOMA
Código de lengua del texto/banda sonora o título independiente spa
Código de lengua original eng
082 04 - NÚMERO DE LA CLASIFICACIÓN DECIMAL DEWEY
Número de clasificación 363.25
Cutter W436a
Número de edición 23
100 1# - ENTRADA PRINCIPAL--NOMBRE DE PERSONA
Nombre de persona Weizman, Eyal,
Fechas asociadas al nombre 1970-
Término indicativo de función/relación autor.
245 10 - MENCIÓN DEL TÍTULO
Título Arquitectura forense :
Resto del título violencia en el umbral de detectabilidad /
Mención de responsabilidad, etc. Eyal Weizman ; prólogo de Marina Otero Verzier ; traducción y diseño de Antonio Giráldez López y Pablo Ibáñez Ferrera.
250 ## - MENCION DE EDICION
Mención de edición Versión abreviada.
264 #1 - PRODUCCIÓN, PUBLICACIÓN, DISTRIBUCIÓN, FABRICACIÓN Y COPYRIGHT
Producción, publicación, distribución, fabricación y copyright Madrid :
Nombre del de productor, editor, distribuidor, fabricante Bartlebooth,
Fecha de producción, publicación, distribución, fabricación o copyright 2020.
300 ## - DESCRIPCIÓN FÍSICA
Extensión 239 páginas :
Otras características físicas ilustraciones ;
Dimensiones 23 cm
336 ## - TIPO DE CONTENIDO
Término de tipo de contenido texto
Fuente rdacontent
337 ## - TIPO DE MEDIO
Nombre/término del tipo de medio unmediated
Fuente rdamedia
338 ## - TIPO DE SOPORTE
Nombre/término del tipo de soporte volumen
Fuente rdacarrier
500 ## - NOTA GENERAL
Nota general Versión abreviada de: Forensic Architecture: Violence at the Threshold of Detectability, Zone Books, 2017, y Open Verification, e-flux Architecture, 2019.
500 ## - NOTA GENERAL
Nota general Incluye prólogo de Marina Otero Verzier.
504 ## - NOTA DE BIBLIOGRAFÍA, ETC.
Nota de bibliografía, etc. Incluye notas bibliográficas (páginas 221-239).
505 0# - NOTA DE CONTENIDO CON FORMATO
Nota de contenido con formato Prólogo: Mayores resoluciones -- Introducción: En el umbral de detectabilidad -- ¿Qué es la arquitectura forense? -- Verificación abierta -- Notas.
520 ## - RESUMEN, ETC.
Sumario, etc. Exposición crítica del trabajo de Forensic Architecture, grupo liderado por Eyal Weizman, que emplea técnicas de análisis espacial, modelados digitales, imágenes satelitales, testimonios y reconstrucciones tridimensionales para investigar violaciones de derechos humanos, conflictos armados y violencias políticas. Analiza casos estudiados por el colectivo, así como sus metodologías de representación, verificación abierta y uso de evidencias visuales.
546 ## - NOTA DE IDIOMA
Nota de lengua/lenguaje Texto en español, traducido del inglés.
650 17 - PUNTO DE ACCESO ADICIONAL DE MATERIA--TÉRMINO DE MATERIA
Término de materia o nombre geográfico como elemento de entrada Criminalística
Fuente del encabezamiento o término embne
9 (RLIN) 7640
700 1# - ENTRADA AGREGADA--NOMBRE PERSONAL
Nombre de persona Otero Verzier, Marina,
Término indicativo de función/relación prologuista.
700 1# - ENTRADA AGREGADA--NOMBRE PERSONAL
Nombre de persona Giráldez López, Antonio,
Término indicativo de función/relación traductor.
700 1# - ENTRADA AGREGADA--NOMBRE PERSONAL
Nombre de persona Ibáñez Ferrera, Pablo,
Término indicativo de función/relación traductor.
710 2# - ENTRADA AGREGADA--NOMBRE DE ENTIDAD CORPORATIVA
Nombre de entidad corporativa o nombre de jurisdicción como elemento de entrada Bartlebooth,
Término indicativo de función/relación editor.
942 ## - ELEMENTOS DE ENTRADA SECUNDARIOS (KOHA)
Fuente del sistema de clasificación o colocación Clasificación Decimal Dewey
Tipo de ítem Koha Libros de referencia
980 ## - EQUIVALENCIA O REFERENCIA-CRUZADA-MENCIÓN DE SERIE--NOMBRE DE PERSONA/TÍTULO [LOCAL, CANADÁ]
ID del usuario creador del registro 18228
Nombre del creador del registro Rebeca Esther Huerta Leyton
ID del último usuario que modificó el registro 18226
Nombre del último usuario que modificó el registro Jaime Vilcazán Jefe de Análisis Documental
Existencias
Visto por última vez Total de préstamos Signatura topográfica completa Código de barras Copia número Coste, precio de reemplazo Fecha de reemplazo Facultad Tipo de ítem Koha Estado de pérdida Fuente del sistema de clasificación o colocación Restricciones de uso No para préstamo Colección Programa académico Biblioteca de origen Biblioteca actual Ubicación en estantería Fecha de adquisición Fuente de adquisición Coste, precio normal de compra
2025-12-02   363.25 W436a 82898 e1 42.57 2025-11-24 FIA Libros físicos No Perdido Clasificación Decimal Dewey No restringido Disponible para préstamos Colección General Arquitectura Biblioteca CRAI UPeU Lima Biblioteca CRAI UPeU Lima Sala principal 2025-11-21 COMPRA, LICTUN S.A.C 37.57